[Event "45th FIDE Chess Olympiad Open"]
[Site "Budapest, Hungary"]
[Date "2024.09.22"]
[Round "11"]
[White "Vasquez Schroeder, Rodrigo"]
[Black "Mastrovasilis, Dimitrios"]
[Result "1/2-1/2"]
[Board "47"]
[WhiteFideId "3400042"]
[BlackFideId "4202694"]
[WhiteTitle "GM"]
[BlackTitle "GM"]
[WhiteElo "2457"]
[BlackElo "2550"]
[WhiteTeam "Chile"]
[BlackTeam "Greece"]
[WhiteClock "0:37:19"]
[BlackClock "0:18:00"]
[Variant "Standard"]

1. e4 {[%clk 1:30:58]}  e5 {[%clk 1:30:51]} 2. Nf3 {[%clk 1:31:23]}  Nc6 {[%clk 1:31:08]} 3. Bb5 {[%clk 1:31:47]}  a6 {[%clk 1:31:24]} 4. Ba4 {[%clk 1:32:11]}  Nf6 {[%clk 1:31:38]} 5. O-O {[%clk 1:32:34]}  Nxe4 {[%clk 1:31:52]} 6. d4 {[%clk 1:32:24]}  b5 {[%clk 1:32:08]} 7. Bb3 {[%clk 1:32:50]}  d5 {[%clk 1:32:29]} 8. dxe5 {[%clk 1:31:06]}  Be6 {[%clk 1:32:47]} 9. c3 {[%clk 1:27:14]}  Bc5 {[%clk 1:32:57]} 10. Qd3 {[%clk 1:24:58]}  O-O {[%clk 1:32:33]} 11. Be3 {[%clk 1:25:23]}  f6 {[%clk 1:31:40]} 12. Nbd2 {[%clk 1:12:40]}  Nxd2 {[%clk 1:31:16]} 13. Qxd2 {[%clk 1:12:59]}  Bxe3 {[%clk 1:31:29]} 14. Qxe3 {[%clk 1:13:23]}  Nxe5 {[%clk 1:31:34]} 15. Nxe5 {[%clk 1:13:50]}  fxe5 {[%clk 1:31:54]} 16. Qxe5 {[%clk 1:14:16]}  Qd7 {[%clk 1:31:32]} 17. Rae1 {[%clk 1:10:40]}  Rae8 {[%clk 1:27:01]} 18. Qd4 {[%clk 1:10:07]}  Bf7 {[%clk 1:11:30]} 19. Qc5 {[%clk 1:08:18]}  c6 {[%clk 0:56:40]} 20. Bc2 {[%clk 0:57:54]}  Rd8 {[%clk 0:42:35]} 21. Qd4 {[%clk 0:46:28]}  Qd6 {[%clk 0:40:31]} 22. Qh4 {[%clk 0:39:41]}  Bg6 {[%clk 0:39:39]} 23. Bxg6 {[%clk 0:36:54]}  Qxg6 {[%clk 0:39:53]} 24. Qd4 {[%clk 0:35:22]}  Qd6 {[%clk 0:30:36]} 25. b4 {[%clk 0:34:56]}  Rf4 {[%clk 0:27:30]} 26. Qa7 {[%clk 0:23:19]}  Qf6 {[%clk 0:26:04]} 27. Re3 {[%clk 0:22:12]}  Rf8 {[%clk 0:20:50]} 28. Rd3 {[%clk 0:18:15]}  d4 {[%clk 0:19:44]} 29. cxd4 {[%clk 0:14:38]}  Rxf2 {[%clk 0:17:35]} 30. Rf3 {[%clk 0:14:48]}  Rxf1+ {[%clk 0:09:26]} 31. Kxf1 {[%clk 0:15:11]}  Qd6 {[%clk 0:09:37]} 32. Rxf8+ {[%clk 0:06:43]}  Qxf8+ {[%clk 0:10:00]} 33. Ke2 {[%clk 0:07:08]}  Qxb4 {[%clk 0:10:03]} 34. Qa8+ {[%clk 0:05:58]}  Kf7 {[%clk 0:09:57]} 35. Qxc6 {[%clk 0:06:20]}  Qxd4 {[%clk 0:05:59]} 36. Qb7+ {[%clk 0:05:57]}  Kf8 {[%clk 0:06:00]} 37. Qxa6 {[%clk 0:05:48]}  Qe4+ {[%clk 0:05:36]} 38. Kf2 {[%clk 0:06:01]}  Qf4+ {[%clk 0:04:34]} 39. Kg1 {[%clk 0:06:19]}  Qd4+ {[%clk 0:02:10]} 40. Kf1 {[%clk 0:06:43]}  Qf4+ {[%clk 0:00:49]} 41. Kg1 {[%clk 0:06:42]}  Qd4+ {[%clk 0:01:14]} 42. Kf1 {[%clk 0:06:58]}  Qc4+ {[%clk 0:27:55]} 43. Kf2 {[%clk 0:37:19]}  Qf4+ {[%clk 0:18:00]} 1/2-1/2

[Event "45th FIDE Chess Olympiad Open"]
[Site "Budapest, Hungary"]
[Date "2024.09.22"]
[Round "11"]
[White "Kelires, Andreas"]
[Black "Lopez Silva, Hugo"]
[Result "1-0"]
[Board "48"]
[WhiteFideId "5900727"]
[BlackFideId "3403874"]
[WhiteTitle "GM"]
[BlackTitle "IM"]
[WhiteElo "2536"]
[BlackElo "2379"]
[WhiteTeam "Greece"]
[BlackTeam "Chile"]
[WhiteClock "0:15:21"]
[BlackClock "0:00:39"]
[Variant "Standard"]

1. e4 {[%clk 1:30:54]}  e5 {[%clk 1:30:23]} 2. Nf3 {[%clk 1:31:16]}  Nc6 {[%clk 1:30:43]} 3. Bb5 {[%clk 1:31:37]}  g6 {[%clk 1:26:24]} 4. c3 {[%clk 1:31:23]}  a6 {[%clk 1:26:20]} 5. Bxc6 {[%clk 1:30:36]}  dxc6 {[%clk 1:26:37]} 6. d4 {[%clk 1:30:57]}  exd4 {[%clk 1:21:08]} 7. cxd4 {[%clk 1:30:39]}  Bg7 {[%clk 1:12:44]} 8. Nc3 {[%clk 1:28:37]}  Bg4 {[%clk 1:07:10]} 9. Be3 {[%clk 1:26:36]}  Ne7 {[%clk 0:41:12]} 10. Qd2 {[%clk 1:21:37]}  Bxf3 {[%clk 0:34:42]} 11. gxf3 {[%clk 1:22:02]}  Qd7 {[%clk 0:34:10]} 12. h4 {[%clk 1:18:00]}  f5 {[%clk 0:33:41]} 13. O-O-O {[%clk 1:10:42]}  O-O-O {[%clk 0:29:13]} 14. h5 {[%clk 0:48:10]}  Qe6 {[%clk 0:23:38]} 15. Qc2 {[%clk 0:34:06]}  f4 {[%clk 0:16:52]} 16. Bxf4 {[%clk 0:26:16]}  Bxd4 {[%clk 0:17:12]} 17. Be3 {[%clk 0:19:31]}  Bf6 {[%clk 0:14:13]} 18. Qb3 {[%clk 0:18:12]}  Rxd1+ {[%clk 0:06:50]} 19. Rxd1 {[%clk 0:17:10]}  Qxb3 {[%clk 0:05:47]} 20. axb3 {[%clk 0:17:35]}  Rf8 {[%clk 0:04:17]} 21. f4 {[%clk 0:16:53]}  b6 {[%clk 0:04:17]} 22. b4 {[%clk 0:12:39]}  Bg7 {[%clk 0:04:07]} 23. Rh1 {[%clk 0:12:19]}  Ng8 {[%clk 0:03:07]} 24. Rg1 {[%clk 0:09:15]}  Ne7 {[%clk 0:03:36]} 25. Ne2 {[%clk 0:09:11]}  Rf7 {[%clk 0:03:58]} 26. Kc2 {[%clk 0:08:58]}  Kd7 {[%clk 0:03:54]} 27. Ra1 {[%clk 0:07:29]}  Ng8 {[%clk 0:00:50]} 28. Rxa6 {[%clk 0:06:33]}  Nf6 {[%clk 0:01:20]} 29. hxg6 {[%clk 0:06:53]}  hxg6 {[%clk 0:01:48]} 30. f3 {[%clk 0:06:17]}  Nh5 {[%clk 0:01:34]} 31. Ra7 {[%clk 0:04:29]}  Ke8 {[%clk 0:00:55]} 32. Ra8+ {[%clk 0:03:19]}  Kd7 {[%clk 0:01:24]} 33. Ra7 {[%clk 0:02:50]}  Ke8 {[%clk 0:01:53]} 34. e5 {[%clk 0:02:05]}  Bh6 {[%clk 0:00:54]} 35. Nd4 {[%clk 0:02:04]}  Bxf4 {[%clk 0:00:51]} 36. Ra8+ {[%clk 0:02:00]}  Ke7 {[%clk 0:01:07]} 37. Nxc6+ {[%clk 0:02:18]}  Kd7 {[%clk 0:00:38]} 38. e6+ {[%clk 0:02:34]}  Kxe6 {[%clk 0:00:53]} 39. Nd8+ {[%clk 0:03:01]}  Ke7 {[%clk 0:00:33]} 40. Nxf7 {[%clk 0:03:04]}  Bxe3 {[%clk 0:00:39]} 41. Ne5 {[%clk 0:03:12]}  g5 {[%clk 0:22:56]} 42. Kd3 {[%clk 0:30:20]}  Bc1 {[%clk 0:22:57]} 43. Rh8 {[%clk 0:26:31]}  Nf6 {[%clk 0:20:55]} 44. Kc2 {[%clk 0:25:47]}  Be3 {[%clk 0:20:03]} 45. Ng4 {[%clk 0:24:16]}  Bd4 {[%clk 0:11:57]} 46. Nxf6 {[%clk 0:23:33]}  Kxf6 {[%clk 0:12:25]} 47. Rc8 {[%clk 0:22:35]}  Be5 {[%clk 0:12:49]} 48. Kd3 {[%clk 0:21:57]}  Kf5 {[%clk 0:11:32]} 49. b5 {[%clk 0:17:35]}  Kf4 {[%clk 0:06:28]} 50. Rf8+ {[%clk 0:16:56]}  Kg3 {[%clk 0:06:57]} 51. b3 {[%clk 0:16:26]}  Bd6 {[%clk 0:04:40]} 52. Rf5 {[%clk 0:15:56]}  Kh4 {[%clk 0:04:12]} 53. Ke4 {[%clk 0:16:11]}  Be7 {[%clk 0:00:32]} 54. Rd5 {[%clk 0:15:23]}  Kg3 {[%clk 0:00:39]} 55. Re5 {[%clk 0:15:26]}  Bf6 {[%clk 0:00:39]} 56. Re8 {[%clk 0:15:21]} 1-0

[Event "45th FIDE Chess Olympiad Open"]
[Site "Budapest, Hungary"]
[Date "2024.09.22"]
[Round "11"]
[White "Giri, Anish"]
[Black "Stremavicius, Titas"]
[Result "1-0"]
[Board "49"]
[WhiteFideId "24116068"]
[BlackFideId "12804444"]
[WhiteTitle "GM"]
[BlackTitle "GM"]
[WhiteElo "2724"]
[BlackElo "2527"]
[WhiteTeam "Netherlands"]
[BlackTeam "Lithuania"]
[WhiteClock "0:14:56"]
[BlackClock "0:00:56"]
[Variant "Standard"]

1. d4 {[%clk 1:30:57]}  d5 {[%clk 1:30:51]} 2. c4 {[%clk 1:31:22]}  e6 {[%clk 1:31:17]} 3. Nc3 {[%clk 1:31:45]}  Be7 {[%clk 1:31:42]} 4. cxd5 {[%clk 1:32:09]}  exd5 {[%clk 1:32:07]} 5. Bf4 {[%clk 1:32:35]}  c6 {[%clk 1:32:29]} 6. e3 {[%clk 1:33:00]}  Bf5 {[%clk 1:32:54]} 7. g4 {[%clk 1:33:22]}  Be6 {[%clk 1:33:20]} 8. h3 {[%clk 1:33:44]}  Nd7 {[%clk 1:33:43]} 9. Nf3 {[%clk 1:34:06]}  g5 {[%clk 1:31:36]} 10. Bh2 {[%clk 1:33:39]}  h5 {[%clk 1:31:02]} 11. gxh5 {[%clk 1:34:02]}  Rxh5 {[%clk 1:24:16]} 12. Rg1 {[%clk 1:33:09]}  Qb6 {[%clk 1:18:41]} 13. a3 {[%clk 1:22:16]}  a5 {[%clk 0:58:49]} 14. Na4 {[%clk 1:08:46]}  Qd8 {[%clk 0:58:29]} 15. Ne5 {[%clk 1:06:54]}  Rh6 {[%clk 0:54:13]} 16. Qc2 {[%clk 1:02:34]}  Nxe5 {[%clk 0:45:55]} 17. Bxe5 {[%clk 1:02:47]}  f6 {[%clk 0:35:50]} 18. Bg3 {[%clk 0:59:33]}  Bd6 {[%clk 0:36:16]} 19. f4 {[%clk 0:47:10]}  Qc7 {[%clk 0:24:42]} 20. Nc5 {[%clk 0:41:42]}  Bd7 {[%clk 0:15:51]} 21. O-O-O {[%clk 0:40:05]}  g4 {[%clk 0:15:10]} 22. Nxd7 {[%clk 0:29:10]}  Qxd7 {[%clk 0:15:36]} 23. Bf2 {[%clk 0:28:14]}  g3 {[%clk 0:14:05]} 24. Rxg3 {[%clk 0:27:35]}  Ne7 {[%clk 0:13:50]} 25. Bd3 {[%clk 0:26:13]}  O-O-O {[%clk 0:14:01]} 26. Rg7 {[%clk 0:25:59]}  Kb8 {[%clk 0:12:58]} 27. h4 {[%clk 0:26:15]}  Qc7 {[%clk 0:09:39]} 28. Kb1 {[%clk 0:26:27]}  Qb6 {[%clk 0:09:52]} 29. Ka1 {[%clk 0:25:31]}  Rc8 {[%clk 0:08:41]} 30. Qa4 {[%clk 0:23:01]}  c5 {[%clk 0:08:05]} 31. dxc5 {[%clk 0:23:25]}  Bxc5 {[%clk 0:08:26]} 32. Be1 {[%clk 0:21:35]}  Nc6 {[%clk 0:07:26]} 33. Bf5 {[%clk 0:19:39]}  Rd8 {[%clk 0:06:31]} 34. Rd3 {[%clk 0:19:24]}  Qa7 {[%clk 0:01:08]} 35. Rb3 {[%clk 0:18:38]}  Ne7 {[%clk 0:01:35]} 36. Bxa5 {[%clk 0:16:47]}  Ka8 {[%clk 0:01:30]} 37. Qb5 {[%clk 0:16:20]}  Rb8 {[%clk 0:00:56]} 38. Bc7 {[%clk 0:14:56]} 1-0

[Event "45th FIDE Chess Olympiad Open"]
[Site "Budapest, Hungary"]
[Date "2024.09.22"]
[Round "11"]
[White "Kazakouski, Valery"]
[Black "Van Foreest, Jorden"]
[Result "1/2-1/2"]
[Board "50"]
[WhiteFideId "13507443"]
[BlackFideId "1039784"]
[WhiteTitle "GM"]
[BlackTitle "GM"]
[WhiteElo "2577"]
[BlackElo "2696"]
[WhiteTeam "Lithuania"]
[BlackTeam "Netherlands"]
[WhiteClock "0:16:59"]
[BlackClock "0:30:31"]
[Variant "Standard"]

1. d4 {[%clk 1:30:57]}  Nf6 {[%clk 1:30:52]} 2. c4 {[%clk 1:31:20]}  e6 {[%clk 1:31:18]} 3. Nc3 {[%clk 1:31:44]}  Bb4 {[%clk 1:31:39]} 4. e3 {[%clk 1:32:01]}  d5 {[%clk 1:31:08]} 5. a3 {[%clk 1:31:11]}  Be7 {[%clk 1:31:15]} 6. cxd5 {[%clk 1:28:08]}  exd5 {[%clk 1:31:33]} 7. Bd3 {[%clk 1:28:31]}  O-O {[%clk 1:29:00]} 8. Nge2 {[%clk 1:28:20]}  Re8 {[%clk 1:19:38]} 9. Qc2 {[%clk 1:28:11]}  c5 {[%clk 1:15:44]} 10. O-O {[%clk 1:19:35]}  c4 {[%clk 1:13:52]} 11. Bf5 {[%clk 1:19:55]}  Bxf5 {[%clk 1:11:29]} 12. Qxf5 {[%clk 1:20:17]}  Nc6 {[%clk 1:11:30]} 13. Bd2 {[%clk 1:16:23]}  b5 {[%clk 1:08:56]} 14. f3 {[%clk 1:12:28]}  Rb8 {[%clk 1:08:08]} 15. Nf4 {[%clk 0:53:41]}  g6 {[%clk 1:07:10]} 16. Qc2 {[%clk 0:53:03]}  Bf8 {[%clk 1:05:12]} 17. g4 {[%clk 0:50:11]}  h6 {[%clk 0:53:17]} 18. Nce2 {[%clk 0:44:40]}  a5 {[%clk 0:51:36]} 19. h4 {[%clk 0:44:08]}  b4 {[%clk 0:51:31]} 20. axb4 {[%clk 0:41:12]}  axb4 {[%clk 0:45:39]} 21. Ra6 {[%clk 0:39:46]}  Rc8 {[%clk 0:40:07]} 22. Qa4 {[%clk 0:34:22]}  Qd7 {[%clk 0:40:06]} 23. Ng3 {[%clk 0:24:05]}  Bd6 {[%clk 0:39:01]} 24. Nfe2 {[%clk 0:23:19]}  h5 {[%clk 0:33:37]} 25. gxh5 {[%clk 0:08:37]}  Qh3 {[%clk 0:32:36]} 26. Rf2 {[%clk 0:07:17]}  Bxg3 {[%clk 0:32:45]} 27. Rg2 {[%clk 0:07:11]}  Nxh5 {[%clk 0:30:19]} 28. Rxc6 {[%clk 0:07:00]}  Bxh4 {[%clk 0:28:44]} 29. Qa6 {[%clk 0:03:15]}  Qf5 {[%clk 0:27:45]} 30. Rxc8 {[%clk 0:02:55]}  Rxc8 {[%clk 0:27:00]} 31. e4 {[%clk 0:03:15]}  dxe4 {[%clk 0:23:45]} 32. fxe4 {[%clk 0:03:43]}  Qh3 {[%clk 0:23:45]} 33. Rh2 {[%clk 0:02:16]}  Qg4+ {[%clk 0:23:41]} 34. Rg2 {[%clk 0:02:44]}  Qd7 {[%clk 0:24:04]} 35. Bxb4 {[%clk 0:02:48]}  Kh7 {[%clk 0:20:01]} 36. Qa3 {[%clk 0:01:18]}  Rb8 {[%clk 0:19:23]} 37. Bd2 {[%clk 0:01:15]}  Qe6 {[%clk 0:15:14]} 38. Qe3 {[%clk 0:01:01]}  Rxb2 {[%clk 0:14:17]} 39. Qh6+ {[%clk 0:00:37]}  Kg8 {[%clk 0:14:44]} 40. Qxh5 {[%clk 0:00:33]}  Qxe4 {[%clk 0:13:33]} 41. Bc1 {[%clk 0:17:00]}  Qxd4+ {[%clk 0:25:19]} 42. Nxd4 {[%clk 0:16:12]}  Rxg2+ {[%clk 0:25:45]} 43. Kxg2 {[%clk 0:16:36]}  gxh5 {[%clk 0:26:12]} 44. Kf3 {[%clk 0:15:59]}  Kh7 {[%clk 0:26:27]} 45. Nf5 {[%clk 0:16:00]}  Bf6 {[%clk 0:26:50]} 46. Nd6 {[%clk 0:15:24]}  c3 {[%clk 0:27:11]} 47. Nxf7 {[%clk 0:15:29]}  Kg6 {[%clk 0:27:32]} 48. Nd6 {[%clk 0:15:53]}  c2 {[%clk 0:27:39]} 49. Ne4 {[%clk 0:16:06]}  Bg7 {[%clk 0:28:04]} 50. Nf2 {[%clk 0:14:57]}  Kf5 {[%clk 0:28:25]} 51. Nd3 {[%clk 0:15:02]}  Bc3 {[%clk 0:28:52]} 52. Nf4 {[%clk 0:15:02]}  h4 {[%clk 0:29:14]} 53. Ng2 {[%clk 0:15:24]}  Ke5 {[%clk 0:28:46]} 54. Nxh4 {[%clk 0:15:35]}  Kd4 {[%clk 0:29:11]} 55. Nf5+ {[%clk 0:15:46]}  Kd3 {[%clk 0:29:38]} 56. Ne3 {[%clk 0:16:08]}  Bd2 {[%clk 0:30:05]} 57. Bxd2 {[%clk 0:16:33]}  Kxd2 {[%clk 0:30:31]} 58. Nxc2 {[%clk 0:16:59]} 1/2-1/2

[Event "45th FIDE Chess Olympiad Open"]
[Site "Budapest, Hungary"]
[Date "2024.09.22"]
[Round "11"]
[White "Warmerdam, Max"]
[Black "Laurusas, Tomas"]
[Result "1/2-1/2"]
[Board "51"]
[WhiteFideId "1048104"]
[BlackFideId "12803731"]
[WhiteTitle "GM"]
[BlackTitle "GM"]
[WhiteElo "2679"]
[BlackElo "2569"]
[WhiteTeam "Netherlands"]
[BlackTeam "Lithuania"]
[WhiteClock "0:11:55"]
[BlackClock "0:24:36"]
[Variant "Standard"]

1. c4 {[%clk 1:30:52]}  c6 {[%clk 1:30:48]} 2. Nf3 {[%clk 1:31:16]}  d5 {[%clk 1:30:23]} 3. g3 {[%clk 1:31:40]}  Nf6 {[%clk 1:27:28]} 4. Bg2 {[%clk 1:31:12]}  Bf5 {[%clk 1:27:42]} 5. Qb3 {[%clk 1:31:35]}  Qb6 {[%clk 1:28:02]} 6. d3 {[%clk 1:31:59]}  e6 {[%clk 1:28:13]} 7. Be3 {[%clk 1:32:23]}  Qxb3 {[%clk 1:28:35]} 8. axb3 {[%clk 1:32:47]}  a6 {[%clk 1:28:58]} 9. Bd4 {[%clk 1:33:13]}  Nbd7 {[%clk 1:29:23]} 10. Bc3 {[%clk 1:33:35]}  Bd6 {[%clk 1:22:31]} 11. Nh4 {[%clk 1:33:58]}  Bg6 {[%clk 1:22:56]} 12. Nxg6 {[%clk 1:32:46]}  hxg6 {[%clk 1:21:21]} 13. h4 {[%clk 1:33:07]}  O-O {[%clk 1:19:40]} 14. O-O {[%clk 1:32:50]}  Rad8 {[%clk 1:13:00]} 15. Rd1 {[%clk 1:25:59]}  Rfe8 {[%clk 1:10:21]} 16. b4 {[%clk 1:20:14]}  e5 {[%clk 1:02:21]} 17. Na3 {[%clk 1:19:08]}  Nf8 {[%clk 0:58:55]} 18. e4 {[%clk 1:01:07]}  d4 {[%clk 0:52:46]} 19. Bd2 {[%clk 1:00:11]}  Ne6 {[%clk 0:50:40]} 20. Bh3 {[%clk 1:00:01]}  Re7 {[%clk 0:49:34]} 21. c5 {[%clk 0:47:38]}  Bc7 {[%clk 0:49:54]} 22. Nc4 {[%clk 0:48:04]}  Rf8 {[%clk 0:43:27]} 23. Rf1 {[%clk 0:46:10]}  Nh5 {[%clk 0:43:00]} 24. Kg2 {[%clk 0:39:23]}  Kh7 {[%clk 0:38:05]} 25. Rae1 {[%clk 0:36:52]}  Rh8 {[%clk 0:34:35]} 26. Bg4 {[%clk 0:34:45]}  Kg8 {[%clk 0:34:55]} 27. Bd1 {[%clk 0:33:26]}  Kf8 {[%clk 0:33:34]} 28. Bb3 {[%clk 0:31:16]}  Ke8 {[%clk 0:28:36]} 29. Ra1 {[%clk 0:29:21]}  Kd7 {[%clk 0:28:27]} 30. Rfe1 {[%clk 0:29:44]}  Ree8 {[%clk 0:26:24]} 31. Bd1 {[%clk 0:27:32]}  Nf6 {[%clk 0:25:30]} 32. Bf3 {[%clk 0:25:47]}  Ke7 {[%clk 0:21:39]} 33. Bd1 {[%clk 0:19:04]}  Kd7 {[%clk 0:21:20]} 34. Bb3 {[%clk 0:17:26]}  Nh5 {[%clk 0:21:42]} 35. Bc1 {[%clk 0:12:13]}  Ra8 {[%clk 0:21:50]} 36. Ra3 {[%clk 0:12:17]}  Rae8 {[%clk 0:21:48]} 37. Nd2 {[%clk 0:11:13]}  Nf6 {[%clk 0:18:47]} 38. Nf3 {[%clk 0:11:31]}  Ref8 {[%clk 0:18:42]} 39. Bd2 {[%clk 0:11:44]}  Ke7 {[%clk 0:18:34]} 40. Raa1 {[%clk 0:10:52]}  Nd7 {[%clk 0:17:16]} 41. Bc4 {[%clk 0:09:49]}  Rh5 {[%clk 0:11:29]} 42. Re2 {[%clk 0:09:32]}  Rhh8 {[%clk 0:11:18]} 43. Ree1 {[%clk 0:30:19]}  Rh5 {[%clk 0:41:28]} 44. Ng1 {[%clk 0:29:45]}  Rhh8 {[%clk 0:37:41]} 45. Ne2 {[%clk 0:28:23]}  Rh7 {[%clk 0:33:02]} 46. Rh1 {[%clk 0:27:57]}  Rfh8 {[%clk 0:32:31]} 47. Raf1 {[%clk 0:27:03]}  Bb8 {[%clk 0:25:53]} 48. Ng1 {[%clk 0:20:16]}  Rf8 {[%clk 0:24:40]} 49. Re1 {[%clk 0:20:27]}  Bc7 {[%clk 0:24:42]} 50. Rh3 {[%clk 0:20:03]}  Rhh8 {[%clk 0:23:46]} 51. Ne2 {[%clk 0:20:13]}  Rh7 {[%clk 0:23:50]} 52. Ng1 {[%clk 0:14:06]}  Rhh8 {[%clk 0:24:10]} 53. Ne2 {[%clk 0:14:31]}  Rh7 {[%clk 0:24:36]} 54. Ng1 {[%clk 0:11:55]} 1/2-1/2

[Event "45th FIDE Chess Olympiad Open"]
[Site "Budapest, Hungary"]
[Date "2024.09.22"]
[Round "11"]
[White "Pidluznij, Gleb"]
[Black "Bok, Benjamin"]
[Result "1/2-1/2"]
[Board "52"]
[WhiteFideId "12817082"]
[BlackFideId "1017063"]
[WhiteTitle "FM"]
[BlackTitle "GM"]
[WhiteElo "2425"]
[BlackElo "2596"]
[WhiteTeam "Lithuania"]
[BlackTeam "Netherlands"]
[WhiteClock "0:07:46"]
[BlackClock "0:01:01"]
[Variant "Standard"]

1. e4 {[%clk 1:30:57]}  c5 {[%clk 1:30:55]} 2. Nf3 {[%clk 1:31:21]}  d6 {[%clk 1:31:21]} 3. Bb5+ {[%clk 1:31:42]}  Nd7 {[%clk 1:31:47]} 4. d4 {[%clk 1:32:02]}  cxd4 {[%clk 1:32:05]} 5. Qxd4 {[%clk 1:32:24]}  a6 {[%clk 1:32:24]} 6. Bxd7+ {[%clk 1:32:46]}  Bxd7 {[%clk 1:32:48]} 7. Nc3 {[%clk 1:32:50]}  Rc8 {[%clk 1:16:29]} 8. e5 {[%clk 1:25:05]}  Bc6 {[%clk 1:00:43]} 9. exd6 {[%clk 1:24:10]}  Bxf3 {[%clk 0:56:14]} 10. gxf3 {[%clk 1:23:32]}  Qxd6 {[%clk 0:56:35]} 11. Qxd6 {[%clk 1:23:33]}  exd6 {[%clk 0:57:04]} 12. Bf4 {[%clk 1:19:34]}  Nf6 {[%clk 0:57:21]} 13. O-O-O {[%clk 1:19:32]}  Kd7 {[%clk 0:57:20]} 14. Rd4 {[%clk 1:18:37]}  Be7 {[%clk 0:54:07]} 15. Rhd1 {[%clk 1:10:20]}  Rc6 {[%clk 0:54:01]} 16. Ne4 {[%clk 1:04:08]}  Nxe4 {[%clk 0:52:06]} 17. fxe4 {[%clk 1:04:20]}  Rhc8 {[%clk 0:49:59]} 18. c3 {[%clk 0:59:30]}  Rc4 {[%clk 0:49:20]} 19. Be5 {[%clk 0:44:12]}  Rxd4 {[%clk 0:43:02]} 20. Bxd4 {[%clk 0:42:33]}  g6 {[%clk 0:43:24]} 21. f4 {[%clk 0:40:09]}  Ke6 {[%clk 0:41:42]} 22. Re1 {[%clk 0:36:17]}  Bh4 {[%clk 0:31:49]} 23. Re2 {[%clk 0:33:47]}  f5 {[%clk 0:31:47]} 24. Kc2 {[%clk 0:32:43]}  fxe4 {[%clk 0:21:02]} 25. Rxe4+ {[%clk 0:32:59]}  Kf5 {[%clk 0:21:28]} 26. Kd3 {[%clk 0:33:09]}  b5 {[%clk 0:18:56]} 27. b3 {[%clk 0:26:06]}  h5 {[%clk 0:16:21]} 28. a3 {[%clk 0:14:06]}  Rf8 {[%clk 0:13:19]} 29. Ke3 {[%clk 0:12:24]}  Rf7 {[%clk 0:04:33]} 30. Kf3 {[%clk 0:10:37]}  Re7 {[%clk 0:04:44]} 31. Rxe7 {[%clk 0:10:27]}  Bxe7 {[%clk 0:05:13]} 32. a4 {[%clk 0:03:54]}  bxa4 {[%clk 0:05:26]} 33. bxa4 {[%clk 0:04:23]}  d5 {[%clk 0:05:40]} 34. h3 {[%clk 0:04:24]}  Bh4 {[%clk 0:04:04]} 35. Bg7 {[%clk 0:01:45]}  Bd8 {[%clk 0:01:31]} 36. Bd4 {[%clk 0:01:03]}  Ba5 {[%clk 0:01:06]} 37. Bg7 {[%clk 0:01:22]}  Bc7 {[%clk 0:00:48]} 38. Bh6 {[%clk 0:01:42]}  Bb6 {[%clk 0:00:39]} 39. Bg7 {[%clk 0:01:40]}  Bc5 {[%clk 0:00:38]} 40. Bd4 {[%clk 0:00:59]}  Be7 {[%clk 0:00:36]} 41. Be3 {[%clk 0:29:16]}  Bd8 {[%clk 0:17:27]} 42. Bf2 {[%clk 0:25:49]}  Bf6 {[%clk 0:07:51]} 43. Be1 {[%clk 0:24:28]}  Be7 {[%clk 0:08:03]} 44. Bf2 {[%clk 0:23:33]}  Bd8 {[%clk 0:07:23]} 45. Be3 {[%clk 0:17:56]}  Bf6 {[%clk 0:06:46]} 46. Bd4 {[%clk 0:15:27]}  Bh4 {[%clk 0:06:56]} 47. Bg7 {[%clk 0:14:35]}  Bd8 {[%clk 0:01:40]} 48. Bd4 {[%clk 0:10:08]}  Ba5 {[%clk 0:02:00]} 49. Bg7 {[%clk 0:10:32]}  Bc7 {[%clk 0:01:07]} 50. Bh6 {[%clk 0:10:57]}  Bb6 {[%clk 0:00:40]} 51. Bg7 {[%clk 0:10:40]}  Bc5 {[%clk 0:00:38]} 52. Bd4 {[%clk 0:09:40]}  Ba3 {[%clk 0:00:39]} 53. Be3 {[%clk 0:09:25]}  Be7 {[%clk 0:01:01]} 54. Bf2 {[%clk 0:08:39]}  Bd6 {[%clk 0:00:41]} 55. Be3 {[%clk 0:08:53]}  Bc7 {[%clk 0:01:07]} 56. Bd2 {[%clk 0:08:23]}  Bd8 {[%clk 0:01:09]} 57. Be3 {[%clk 0:08:43]}  Bh4 {[%clk 0:00:46]} 58. Bd2 {[%clk 0:08:35]}  Bf6 {[%clk 0:01:10]} 59. Be1 {[%clk 0:08:28]}  Be7 {[%clk 0:00:40]} 60. Bf2 {[%clk 0:08:52]}  Bd6 {[%clk 0:00:35]} 61. Be3 {[%clk 0:09:14]}  Bb8 {[%clk 0:00:56]} 62. Bd2 {[%clk 0:09:11]}  Bc7 {[%clk 0:01:05]} 63. Be3 {[%clk 0:09:00]}  Bd6 {[%clk 0:00:43]} 64. Bd2 {[%clk 0:08:39]}  Be7 {[%clk 0:00:34]} 65. Be3 {[%clk 0:08:05]}  Bh4 {[%clk 0:00:33]} 66. Bd2 {[%clk 0:08:34]}  Bf6 {[%clk 0:00:40]} 67. Be1 {[%clk 0:08:58]}  Bg7 {[%clk 0:00:34]} 68. Bd2 {[%clk 0:09:05]}  Bh8 {[%clk 0:00:59]} 69. Be1 {[%clk 0:07:10]}  Bf6 {[%clk 0:01:23]} 70. Ke3 {[%clk 0:06:29]}  Bg7 {[%clk 0:01:00]} 71. Kf3 {[%clk 0:06:03]}  Bf8 {[%clk 0:00:58]} 72. Bf2 {[%clk 0:06:03]}  Ba3 {[%clk 0:00:33]} 73. Be3 {[%clk 0:06:16]}  Bd6 {[%clk 0:00:52]} 74. Bd2 {[%clk 0:06:41]}  Bc7 {[%clk 0:00:35]} 75. Be3 {[%clk 0:06:45]}  Bb8 {[%clk 0:00:42]} 76. Bd2 {[%clk 0:07:04]}  Bd6 {[%clk 0:00:50]} 77. Be3 {[%clk 0:07:16]}  Be7 {[%clk 0:00:38]} 78. Bf2 {[%clk 0:07:17]}  Bd8 {[%clk 0:03:01]} 79. Be3 {[%clk 0:07:25]}  Bf6 {[%clk 0:01:34]} 80. Bd4 {[%clk 0:07:27]}  Be7 {[%clk 0:01:06]} 81. Be3 {[%clk 0:07:27]}  Bh4 {[%clk 0:00:41]} 82. Bd2 {[%clk 0:07:46]}  Bf6 {[%clk 0:01:01]} 1/2-1/2